FLORES DOCTORUM penè omnium, TAM GRAECORUM, QUAM LATINORUM, Qui tum in Theologia, tum in Philosophia hactenus claruerunt /

Hlavní autor: Thomas of Ireland, asi 1265-asi 1329
Jazyk: Latina
Vydáno: VIENNAE : Apud Georg, Lehmannum ;& Joan. Paul. Krauss, Bibliopol., 1737
Vydání: POSTREMA EDITIO PRIORIBUS EMENDATIOR
Témata:
Externí odkaz: Digitalizovaný dokument (Exemplář z SUB (Göttinger Digitalisierungszentrum))
Fyzický popis: 6 nečíslovaných stran, 816 stran, 8 nečíslovaných stran, 1 nečíslovaná příloha ; 8°
Knihy
Uloženo v:
LEADER 03680nam a2200613 i 4500
001 mzk03001273656
003 CZ BrMZK
005 20200728133827.0
007 ta
008 200728s1737 au f fr|||||00| ||latod
040 |a BOA001  |b cze  |e rda 
072 7 |a 2-1  |x Přirozená teologie. Náboženská filozofie  |2 Konspekt  |9 5 
072 7 |a 094  |x Staré tisky  |2 Konspekt  |9 12 
080 |a 2-1  |2 MRF 
080 |a 2-231  |2 MRF 
080 |a 025.171  |2 MRF 
080 |a (0.068)094  |2 MRF 
100 0 |a Thomas of Ireland,  |d asi 1265-asi 1329  |7 mzk2003199146  |4 aut 
245 1 0 |a FLORES DOCTORUM penè omnium, TAM GRAECORUM, QUAM LATINORUM, Qui tum in Theologia, tum in Philosophia hactenus claruerunt /  |c Per THOMAM HYBERNICUM, olim summa cum diligentia collecti, ac ordine Alphabetico digesti 
246 3 8 |a HYBERNICII FLORES DOCTORUM 
250 |a POSTREMA EDITIO PRIORIBUS EMENDATIOR 
264 1 |a VIENNAE :  |b Apud Georg, Lehmannum ;  |b & Joan. Paul. Krauss, Bibliopol.,  |c 1737 
300 |a 6 nečíslovaných stran, 816 stran, 8 nečíslovaných stran, 1 nečíslovaná příloha ;  |c 8° 
336 |a text  |b txt  |2 rdacontent 
337 |a bez média  |b n  |2 rdamedia 
338 |a svazek  |b nc  |2 rdacarrier 
500 |a Rozsah: [6], 816, [8] s., [1] příl. 
500 |a Výzdoba: Mědirytinový frontispis s vyobrazením ženy v plášti a klobouku sedící u studny, na kolenou má rozevřenou knihu, vedle ní leží krucifix a žebřík, součástí je text: Solus cum solo JESU meo, titulní list tištěn červeně a černě, nad impresem mědiryt (ve dvojitém rámci napravo vyobrazen ostrov uprostřed moře, vlevo se nachází skaliska, na kterých stojí pták, u něho je umístěn text Defendaer henigne, na skaliscích je kartuše s propletenými iniciálami tiskaře, uprostřed z nebe vycházejí blesky, které narážejí na disk s vyobrazením slunce, okolo disku je napsáno: Ps. 84.7.22), typografické ozdůbk, vlysy, viněta s jezuitským emblémem IHS, koncová viněta 
561 |a Provenience: [m.p.] Ad usum F. Ivani. O. S. B: A[nn]o 1758 
561 |a Provenience: [m.p.] Dono accepit P. Quirinus a Vener. P. Dionysio Flizxias 
561 |a Provenience: [m.p.] Ad Usum Fr[artri] Ivani Satori Ord[inis] S[an]cti Benedicti 
561 |a Provenience: [m.p.] nunc Monasterii S. Wenceslai Braunae O. S. B. 
561 |a Provenience: [m.p.] P. Quirini Schreiber [manu propria] [přeškrtáno] 
561 |a Provenience: [razítko] S.A.B. BRAUNAU 
561 |a Provenience: [razítko] Státní vědecká knihovna Hradec Králové 4543 
563 |a Původní usňová vazba, lepenkové desky potažené hovězinou s dvojitým slepotiskovým rámcem, ořízka stříkaná červeně, hřbet zdobený slepotiskovými linkami, na hřbetě slepotiskový nápisový štítek 
650 7 |a teologie  |7 ph116425  |2 czenas 
650 7 |a biblické citáty  |7 ph118853  |2 czenas 
650 7 |a historické knihovní fondy  |7 ph172933  |2 czenas 
655 7 |a staré tisky  |7 fd422076  |2 czenas 
856 4 2 |u https://gdz.sub.uni-goettingen.de/id/PPN716625091?tify={%22pages%22:[7],%22view%22:%22info%22}  |y Digitalizovaný dokument  |z Exemplář z SUB (Göttinger Digitalisierungszentrum) 
903 |a RP 
910 |a NAG950  |b B - II. F. 31,1 
978 |b Lehmann, Georg  |a Wien  |c 1737 
978 |b Krauss, Johann Paul  |a Wien  |c 1737 
981 1 |a Satori, Ivanus  |c OSB  |d 1734-1784  |8 1758 
981 1 |a Schreiber, Querin  |c OSB  |d 1758-1791 
982 0 |a Broumov - benediktinský klášter 
982 0 |a Hradec Králové - SVK 
984 |a Vídeň  |b Rakousko 
985 |a 1701-1750 
990 |a BK 
991 |k broumov 
980 |c 003924  |g B - II. F. 31,1  |1 458950003924  |p II. G. 12